Discrete mathematics and its applications / (Record no. 5038)
[ view plain ]
| 000 -LEADER | |
|---|---|
| fixed length control field | 00457cam a2200157 a 4500 |
| 020 ## - INTERNATIONAL STANDARD BOOK NUMBER | |
| ISBN | 0072899050 (acidfree paper) |
| 050 00 - CALL NUMBER | |
| Classification number | QA39.2 |
| Item number | .R654 |
| 100 1# - AUTHOR | |
| Personal name | Rosen, Kenneth H. |
| 245 10 - TITLE | |
| Title | Discrete mathematics and its applications / |
| Statement of responsibility, etc | Kenneth H. Rosen. |
| 250 ## - EDITION | |
| Edition statement | 4th ed. |
| 260 ## - PUBLICATION INFORMATION | |
| Place of publication | Boston : |
| Name of publisher | WCB/McGraw-Hill, |
| Year of publication | c1999. |
| 300 ## - DESCRIPTION | |
| Number of Pages | xxii, 678 p. : |
| Other physical details | ill. ; |
| Dimensions | 27 cm. |
| 650 #0 - SUBJECTS | |
| Topical Term | Mathematics. |
| 650 #0 - SUBJECTS | |
| Topical Term | Computer science |
| General subdivision | Mathematics. |
| 942 ## - ADDED ENTRY ELEMENTS (KOHA) | |
| Koha item type | Books |
| Withdrawn status | Lost status | Home library | Current library | Date acquired | Full call number | Accession Number | Koha item type |
|---|---|---|---|---|---|---|---|
| Methodist University Library Wenchi Faculty | Methodist University Library Wenchi Faculty | 17/04/2019 | QA39.2 .R654 | 29042 | Books | ||
| Methodist University Library Wenchi Faculty | Methodist University Library Wenchi Faculty | 17/04/2019 | QA39.2 .R654 | 29054 | Books | ||
| Methodist University Library Wenchi Faculty | Methodist University Library Wenchi Faculty | 17/04/2019 | QA39.2 .R654 | 29028 | Books | ||
| Methodist University Library Wenchi Faculty | Methodist University Library Wenchi Faculty | 17/04/2019 | QA39.2 .R654 | 29024 | Books |